Slovník ekonomických termínov pre systém EKO-INDEX
Guardado en:
| Formato: | Libro |
|---|---|
| Lenguaje: | eslovaco |
| Publicado: |
Bratislava
Ústredná ekonomická knižnica
1982
|
| Etiquetas: |
Sin Etiquetas, Sea el primero en etiquetar este registro!
|
MARC
| LEADER | 00000nam a2200000 4500 | ||
|---|---|---|---|
| 001 | c136245 | ||
| 005 | 20250908114656.2 | ||
| 041 | 0 | |a slo | |
| 044 | |a SK | ||
| 245 | 1 | 0 | |a Slovník ekonomických termínov pre systém EKO-INDEX |
| 264 | 1 | |a Bratislava |b Ústredná ekonomická knižnica |c 1982 | |
| 300 | |a 203 s. | ||